Every country with over 100 million people - Statistics

General Stats
  • This quiz has been taken 77 times
    75 since last reset
  • The average score is 12 of 14
Answer Stats
Answer % Correct
China
98%
India
98%
Russia
96%
USA
96%
Brazil
89%
Indonesia
85%
Pakistan
85%
Bangladesh
81%
Japan
81%
Mexico
81%
Nigeria
81%
Egypt
76%
Philippines
67%
Ethiopia
65%
No matching quizzes found
Score Distribution
Percent of People with Each Score
Percentile by Number Answered
Your Score History
You have not taken this quiz since the last reset